00403nam a2200109Ia 4500008004100000082002000041245005700061260002200118300001100140440003500151650010700186120622s9999 xx 000 0 und d a086.1 M594 v.47 aMartí en México : selección de textos : tomo I aMéxico : D.D.F. a171 p. aColección metropolitana ; 47 a1. MARTI, JOSE, 1853-1895 - ENSAYOS, CONFERENCIAS, ETC. \ 2. LITERATURA CUBANA \ 3. ENSAYOS CUBANOSÌ